000 00844nab a2200265 u 4500
001 19270
003 HDC
007 cr bn ---aaaaa
008 210228c20091105xx dr|noo 0 a eng d
040 _aHDC
100 _aNadia Muhanna
_eauthor
_917744
245 0 _aPlaying Halal / by
_cNadia Muhanna
260 _a[No place] :
_b[publisher not identified],
_c2009
300 _a1 online resource
336 _atext
_2rdacontent
337 _acomputer
_2rdamedia
338 _aonline resource
_2rdacarrier
650 _aIslamic toys
_917745
650 _apromote Islam
_917746
710 _aHalal Focus
856 _zRequest full-text at [email protected]
942 _2lcc
942 _cNEWS
942 _kNWSO 006197
999 _c16586
_d16586